| 000 | 00978nam a22003017a 4500 | ||
|---|---|---|---|
| 999 |
_c1035 _d1035 |
||
| 001 | 001436 | ||
| 003 | CoMeUDC001436 | ||
| 005 | 20190130200000.0 | ||
| 008 | 130821s1999 ck gr spa | ||
| 020 | _a9586482065 | ||
| 040 |
_aCo-BoUCM _bspa _cCoMeUDC |
||
| 041 | 0 | 0 | _aspa |
| 082 | 0 | 4 |
_a657 _220 _bG778 |
| 100 | 1 | _aGray, Rob | |
| 245 | 1 | 0 |
_aContabilidad y auditoría ambiental _cRob Gray, Jan Bebbington, Diana Waltrs ; traductor Samuel Alberto Mantilla. |
| 260 |
_aBogotá (Colombia) : _bEcoe ediciones, _c1999. |
||
| 300 | _a359 páginas ; | ||
| 504 | _aIncluye bibliografía e índice | ||
| 650 | 0 | 4 |
_aAuditoria ambiental _99747 |
| 650 | 0 | 4 |
_aContabilidad _97449 |
| 650 | 0 | 4 |
_aControl ambiental _911860 |
| 650 | 0 | 4 |
_aMedio ambiente _919225 |
| 700 |
_aMantilla B., Samuel Alberto _etrad. |
||
| 700 | 1 | _aBibbington, Jan | |
| 700 | 1 | _aWalters, Diana | |
| 765 | _tAccounting for the environment | ||
| 942 |
_cBK _a16 _e1 _mG778c _2ddc _h657.45 _n1 |
||